000 00405nam a2200145Ia 4500
008 240729s9999 xx 000 0 und d
022 _a2399-6447
245 0 _aJournal of Defense Analytics and Logistics
260 _aUnited Kingdom
260 _bEmerald Publishing
650 _aMilitary Science
856 _uhttps://doaj.org/toc/38ea6199ff3d4494a4ff01985d992fe5
942 _2ddc
942 _cDOAJEJ
999 _c66036
_d66036
945 _a1
_bMadushi Gamage
_c1
_dMadushi Gamage